Compositores y el arte de su tiempo. Fryderyk, Chopin
保存先:
| 第一著者: | |
|---|---|
| フォーマット: | 図書 |
| 言語: | Spanish |
| 出版事項: |
Polonia
Instytut Adama Mickiewicza
2005
|
| 主題: | |
| タグ: |
タグ追加
タグなし, このレコードへの初めてのタグを付けませんか!
|
MARC
| LEADER | 00000nam a22000007a 4500 | ||
|---|---|---|---|
| 008 | 181106b xxu||||| |||| 00| 0 spa d | ||
| 020 | |a 83-60263-11-6 | ||
| 040 | |a cru BVZT | ||
| 090 | |a 800-P P-3c | ||
| 100 | |a Poniatowska, Irena |d 1810-1849 | ||
| 245 | |a Compositores y el arte de su tiempo. Fryderyk, Chopin |c Irena Poniatowska ; Gerardo Beltran Cejudo | ||
| 260 | |a Polonia |b Instytut Adama Mickiewicza |c 2005 | ||
| 300 | |a 45 páginas | ||
| 630 | |l Español | ||
| 650 | 0 | |9 193 |a OTRAS LITERATURAS | |
| 650 | 0 | |9 194 |a LITERATURA POLACA | |
| 650 | 0 | |9 146 |a ENSAYOS | |
| 650 | 0 | |9 90 |a HISTORIA | |
| 650 | 0 | |9 195 |a MÚSICA | |
| 999 | |c 30630 |d 30630 | ||
| 942 | |c 15 D |h 800-P P-3c |2 z | ||



